The names of the weapons in VALORANT - Statistics

General Stats
  • This quiz has been taken 8,252 times
  • The average score is 16 of 17
Answer Stats
Hint (Type) Hint (Cost) Answer % Correct
Rifle 2900 Vandal
99%
Sidearm 500 Ghost
98%
Sniper 4500 Operator
98%
Rifle 2900 Phantom
98%
Sidearm 0 Classic
97%
Heavy 3200 Odin
96%
Sidearm 800 Sheriff
96%
Sidearm 400 Frenzy
95%
Sniper 1100 Marshal
95%
Shotgun 900 Bucky
94%
Sidearm 200 Shorty
94%
SMG 1600 Spectre
94%
Rifle 2100 Bulldog
93%
Heavy 1700 Ares
92%
Shotgun 1500 Judge
92%
Rifle 2700 Guardian
91%
SMG 1000 Stinger
90%
No matching quizzes found
Score Distribution
Percent of People with Each Score
Percentile by Number Answered
Your Score History
You have not taken this quiz